Théatre complet de J. Racine (Registro nro. 37283)
[ vista simple ]
| 000 -ENCABEZADO | |
|---|---|
| Número de control [NR] | 02190nam a2200277Ia 4500 |
| 008 - DE LONGITUD FIJA DE DATOS DE ELEMENTOS - INFORMACIÓN GENERAL | |
| Elementos de longitud fija [NR] | 130821s fr gr spa |
| 040 ## - FUENTE DE CATALOGACION [NR] | |
| Agencia de catalogación original [NR] | Co-BoUCM |
| Idioma de catalogación [NR] | spa |
| 041 0# - CODIGO DE IDIOMA [R] | |
| Código de idioma para texto/pista de sonido o título separado [R] | Francés |
| 092 ## - SIGNATURA TOPOGRAFICA LOCAL | |
| Número de clasificación local | E20N013 |
| 100 1# - ASIENTO PRINCIPAL--NOMBRE PERSONAL [NR] | |
| Nombre personal [NR] | Racine, Jean |
| Fechas asociadas con el nombre [NR] | 1639-1699 |
| 242 00 - TRADUCCION DEL TITULO POR LA AGENCIA CATALOGADORA [R] | |
| Título [NR] | Teatro completo de Juan Racine |
| Parte restante del título [NR] | con anotaciones literarias y clásicas de Félix Lemaistre. Precedido de una información sobre la vida y el teatro de Racine |
| Mención de responsabilidad, etc. [NR] | por a L. S. Auger |
| Código de idioma del título traducido [NR] | spa |
| 245 10 - MENCION DE TITULO [NR] | |
| Título [NR] | Théatre complet de J. Racine |
| Parte restante del título [NR] | avec des remarques littéraires et un Choix de notes classiques par M. Félix Lemaistre. Précédé d'une Notice sur la vie et le théatre de Racine |
| Mención de responsabilidad, etc. [NR] | par L. -S. Auger. |
| 246 13 - FORMA VARIANTE DEL TITULO [R] | |
| Título propiamente dicho/forma breve del título [NR] | [Teatro completo de Juan Racine |
| Parte restante del título [NR] | con anotaciones literarias y clásicas de Félix Lemaistre. Precedido de una información sobre la vida y el teatro de Racine |
| 260 ## - PUBLICACION, DISTRIBUCION, ETC. (PIE DE IMPRENTA) [R] | |
| Lugar de publicación, distribución, etc. [R] | París (Francia) |
| Nombre del editor, distribuidor, etc. [R] | Garnier Frères [Garnier hermanos] |
| Fecha de publicación, distribución, etc. [R] | [fecha desconocida] |
| 300 ## - DESCRIPCION FISICA [R] | |
| Extensión [R] | xiii, 740 páginas |
| 500 ## - NOTA GENERAL [R] | |
| Nota general [NR] | Detalles físicos: Encuadernación rígida en cartón duro forrado en tela texturizada, lomo con tejuelo de piel negro, letras y líneas decorativas en dorado. Conserva guardas, anteportada seguido de un frontispicio (grabado con el busto del autor). Portada sencilla impresa a dos tintas. Texto impreso en letra muy pequeña y en una sola columna. Papel manchado. Cortes decorados de color azul. Ejemplar en buen estado de conservación. En la portada un sello de tinta: "El Colegio de Nuestra Señora del Rosario". En la guarda posterior un pequeño sello en inglés que dice: "Encuadernado por Mudie". |
| 505 ## - NOTA DE CONTENIDO CON FORMATO PREESTABLECIDO [R] | |
| Nota de contenido con formato preestablecido [NR] | Datos sobre la vida y obra teatral de Juan Racine. ; Texto francés de las tragedias: La Tebaida (o Los hermanos enemigos). ; Alejandro Magno. ; Andrómaca. ; Las plañideras. ; Británico. ; Berenice. ; Bayaceto. ; Mitrídates. ; Ifigenia el Áulide. ; Fedra. ; Esther. ; Atalía. |
| 506 ## - NOTA DE RESTRICCIONES DE ACCESO [R] | |
| Condiciones de acceso [NR] | Consulta en sala. |
| 546 ## - NOTA DE IDIOMA [R] | |
| Nota de idioma [NR] | Texto en frances. |
| 650 04 - ASIENTO SECUNDARIO DE MATERIA - TERMINO TEMATICO [R] | |
| Término temático o nombre geográfico como elemento de entrada [NR] | Literatura francesa |
| Subdivisión cronológica [R] | Siglo XIX |
| 9 (RLIN) | 7794 |
| 650 04 - ASIENTO SECUNDARIO DE MATERIA - TERMINO TEMATICO [R] | |
| Término temático o nombre geográfico como elemento de entrada [NR] | Teatro clásico |
| 9 (RLIN) | 25056 |
| 650 04 - ASIENTO SECUNDARIO DE MATERIA - TERMINO TEMATICO [R] | |
| Término temático o nombre geográfico como elemento de entrada [NR] | Teatro francés |
| Subdivisión cronológica [R] | Siglo XIX |
| 9 (RLIN) | 25063 |
| 700 1# - ASIENTO SECUNDARIO - NOMBRE PERSONAL [R] | |
| Nombre personal [NR] | Auger, L. S. |
| Término de relación [R] | |
| 942 ## - ELEMENTOS DE ENTRADA AGREGADOS (KOHA) | |
| Tipo de ítem principal el descrito en 300a | Libro |
| Tema principal | Literatura |
| Edición | 1 |
| Sistema de clasificación | DEWEY |
| Clasificación | 843.8 |
| Total préstamos | Código de barras | Última vez visto | Volúmen / Fascículo | Ejemplar | Price effective from | Tipo de ítem | Perdido | Sistema de clasificación | Dañado | No prestable | Tipo de ítem específico | Suprimido | Ubicación habitual | Ubicación actual | Localización | Fecha de creación | Forma de adquisición | Costo |
|---|---|---|---|---|---|---|---|---|---|---|---|---|---|---|---|---|---|---|
| L002971 | 15/12/2012 | E20N013 | Ej.1 | 03/02/2013 | Libro | DEWEY | Libro archivo | Archivo Histórico | Archivo histórico | 28/02/2014 | Donación | 0.00 |